000 00339nam a22001337a 4500
008 160506b xxu||||| |||| 00| 0 eng d
020 _a9780323005067
020 _a9780323005067
020 _a0323005063
041 _aeng
080 _a61
245 _aProcedures for primary care:
_cJohn L. Pfenninger; Grant C. Fowler;
942 _2udc
_cBK
999 _c1862
_d1862